00762nam a22002057a 4500008004100000020003400041040001800075041000800093100002200101245011600123260007700239300002400316504003900340610005500379650002000434650003100454651002100485651003000506651002000536130821s2003 xxu gr eng  a0742517608cpbk. : alk. paper aCo-BoUCMbspa00aeng1 aSloan, Stanley R.10aNATO, the European Union, and the Atlantic community the transatlantic bargain reconsideredcStanley R. Sloan. aLanham (Maryland, Estados Unidos)bRowman & Littlefield Publishersc2003 axvii, 287 páginas aIncluye bibliografía e índice.20aOrganización del Tratado Atlántico Norte. OTAN04aCiencia militar04aRelaciones internacionales 0aEuropaxDefensas 0aNorte AméricaxDefensas 0aUnión Europea